Statistics for Click Jumble - World Cities

Click here to take the quiz!

General Stats

  • This quiz has been taken 25 times
  • The average score is 18 of 20

Answer Stats

HintAnswer% Correct
What is the holiest city in Islamic faith?ACCEM
100%
Where would one find the world’s most famous leaning tower?AIPS
100%
In what city could one find the Liberty Bell?AADEHHIILLPP
95%
Where would one find the Parthenon and the Acropolis?AEHNST
95%
“The City of Lights” usually refers to what megacity?AIPRS
95%
What is Australia’s most populous city?DENSYY
95%
What two major Japanese cities are anagrams of each other?KOOTY
95%
What major Maghreb city is also the namesake of a very famous movie from 1942?AAAABCCLNS
91%
In what historic city could one find the Great Pyramids?AGIZ
91%
What Palestinian town is the destination for a major Christian pilgrimage?BEEEHLMT
91%
What’s the most populous city on Lake Ontario?NOOORTT
91%
Excluding Australia, what’s the most populous city in Oceania?AACDKLNU
86%
What is the northernmost national capital in Africa?INSTU
86%
Where was the House of Wisdom, Islam’s most important library during the Golden Age?AABDDGH
82%
What city was once known as Byzantium and later as Constantinople?ABILNSTU
82%
What Scandinavian city hosted the Olympics in 1994?AEEHILLLMMR
82%
What megacity was formerly known as Léopoldville?AAIHKNSS
77%
What megacity was once called Canton by Europeans?AGGHNOUUZ
77%
What is the most populous city in sub-Saharan Africa?AGLOS
77%
What is the largest urban area in the southern hemisphere?AAAJKRT
64%

Score Distribution

Percentile by Number Answered

Percent of People with Each Score

Your Score History

You have not taken this quiz